10 größte Städte Marokko - Statistiken

Allgemein
  • Dieses Quiz wurde 34 mal gespielt
  • Das Durchschnittsergebnis liegt bei 5 aus 10
Antwortstatistiken
Einwohner Antwort % Korrekt
3.563.000 Casablanca
94%
533.000 Rabat
88%
971.000 Marrakesch
75%
1.087.000 Tanger
66%
498.000 Agadir
63%
1.187.000 Fès
59%
572.000 Oujda
22%
571.000 Meknès
19%
495.000 Kénitra
13%
996.000 Salé
6%
Keine übereinstimmenden Quizze gefunden
Verteilung der Resultate
Anzahl Personen mit jedem Resultat
Perzentil nach korrekt beantworteten Fragen
Ihre Resultats-Entwicklung
Sie haben dieses Quiz noch nicht gespielt